কম্পিউটারে নেটওয়ার্কিং : (Record no. 74568)
[ view plain ]
| 000 -LEADER | |
|---|---|
| fixed length control field | 00886nam a22002177a 4500 |
| 001 - CONTROL NUMBER | |
| control field | 74568 |
| 003 - CONTROL NUMBER IDENTIFIER | |
| rucl marc code | BD-RjUL |
| 005 - DATE AND TIME OF LATEST TRANSACTION | |
| control field | 20211209082554.0 |
| 008 - FIXED-LENGTH DATA ELEMENTS--GENERAL INFORMATION | |
| fixed length control field | 181028s1996 bg ||||| |||| 00| 0 eng d |
| 035 ## - SYSTEM CONTROL NUMBER | |
| System control number | (BD-RjUL)74786 |
| 040 ## - CATALOGING SOURCE | |
| Original cataloging agency | BD-RjUL |
| Language of cataloging | ben |
| Transcribing agency | BD-RjUL |
| 041 ## - LANGUAGE CODE | |
| Language code of text/sound track or separate title | ben |
| 082 ## - DEWEY DECIMAL CLASSIFICATION NUMBER | |
| Edition number | 23 |
| Classification number | 004.678 |
| Author mark and year | CHC 1996 |
| 100 ## - MAIN ENTRY--PERSONAL NAME | |
| Personal name | চৌধুরী, তারিকুল ইসলাম |
| 9 (RLIN) | 224288 |
| 245 00 - TITLE STATEMENT | |
| Title | কম্পিউটারে নেটওয়ার্কিং : |
| Remainder of title | ইন্টারনেট ই-মেইল / |
| Statement of responsibility, etc. | তারিকুল ইসলাম চৌধুরী |
| 260 ## - PUBLICATION, DISTRIBUTION, ETC. (IMPRINT) | |
| Place of publication, distribution, etc. | ঢাকা : |
| Name of publisher, distributor, etc. | মাহবুবুর রহমান, |
| Date of publication, distribution, etc. | ১৯৯৬ |
| 300 ## - PHYSICAL DESCRIPTION | |
| Pagination | বিভিন্ন রকম পৃ. : |
| Illustrations | চিত্রসমূহ ; |
| Size | ২৪ সেমি. |
| 650 ## - SUBJECT ADDED ENTRY--TOPICAL TERM | |
| Topical term or geographic name as entry element | ইন্টারনেট |
| 9 (RLIN) | 224289 |
| Topical term or geographic name as entry element | Internet |
| 9 (RLIN) | 224290 |
| 942 ## - ADDED ENTRY ELEMENTS (KOHA) | |
| Source of classification or shelving scheme | Dewey Decimal Classification |
| Koha item type | Books |
| Lost status | Source of classification or shelving scheme | Damaged status | Not for loan | Collection code | Permanent Location | Current Location | Shelving location | Date acquired | Source of acquisition | Cost, normal purchase price | Total Checkouts | Full call number | Date last seen | Copy number | Koha item type |
|---|---|---|---|---|---|---|---|---|---|---|---|---|---|---|---|
| Dewey Decimal Classification | Not For Loan | Non-fiction | Central Library, University of Rajshahi | Central Library, University of Rajshahi | Reading Room | 11/03/1997 | Modern book, Dhaka | 125.00 | B 004.678 CHC 1996 | 28/10/2018 | C-1 | Books |